| 000 | 00947nam a2200265Ia 4500 | ||
|---|---|---|---|
| 003 | GCL | ||
| 008 | 140319s9999 xx 000 0 ara d | ||
| 040 |
_aGCL / _cGCL |
||
| 082 | 0 | 4 |
_a956 _bص م |
| 100 | 1 | _aصلاح العقاد | |
| 245 | 1 | 0 |
_aالمشرق العربى المعاصر : _bدراسة تاريخية سياسية / _cصلاح العقاد |
| 260 |
_aالقاهرة : _bمكتبة الانجلوالمصرية ، _c1993 |
||
| 300 |
_a690 ص ؛ _c24 سم |
||
| 490 | _a | ||
| 650 | 0 | 4 | _aالعالم العربى |
| 650 | 0 | 4 | _aالاحوال الاجتماعية |
| 650 | 0 | 4 | _aالاحوال السياسية |
| 650 | 0 | 4 | _aالنزاع العربى الاسرائيلى |
| 650 | 0 | 4 | _aالشرق الاوسط |
| 650 | 0 | 4 | _aالاحوال الاقتصادية |
| 650 | 0 | 4 | _aالاحتلال البريطانى |
| 650 | 0 | 4 | _aقضية فلسطين |
| 650 | 0 | 4 | _aالعالم العربى - تاريخ |
| 942 |
_2ddc _cBK |
||
| 999 |
_c30993 _d30993 |
||